000 00690ngm a2200289 a 4500
003 OSt
005 20251020182656.0
008 240217s9999 xx 000 0 und d
040 _aPE SENCICO BE
040 _cPE SENCICO BE
041 _aspa
082 _aF008
245 0 _aSeminario técnico pedagógico para docentes tema: Evaluación (2da parte) /
245 0 _cSENCICO
260 _aLima
260 _bSENCICO
260 _c1994
300 _a1 VIDEO
300 _bson., Col.
300 _c1:30'
490 _aPEDAGOGIA
520 _aSeminario Técnico Pedagógico para Docentes
650 _aEVALUACION
651 _aPERÚ
910 _aila.
942 _cVID
_2ddc
999 _c4695
_d4695